Normal view
MARC view
Entry Personal Name
001 - CONTROL NUMBER
- control field: 44751
003 - CONTROL NUMBER IDENTIFIER
- control field: OSt
005 - DATE AND TIME OF LATEST TRANSACTION
- control field: 20240429120041.0
008 - FIXED-LENGTH DATA ELEMENTS
- fixed length control field: 240429|| aca||aabn | a|a d
040 ## - CATALOGING SOURCE
- Original cataloging agency: OSt
- Transcribing agency: OSt
100 ## - HEADING--PERSONAL NAME
- Personal name: Kuziemko, Ilyana and Naidu, Suresh
670 ## - SOURCE DATA FOUND
- Source citation: Work cat.: (OSt): Kuziemko, Ilyana and Naidu, Suresh , Gerstle, Gary. The rise and fall of the neoliberal order: America and the world in the free market era
